[Rezension von: Léa Saint Raymond, Fragments d’une histoire globale de l’art]
Gespeichert in:
| Veröffentlicht in: | Regards croisés 14(2024), 1, Seite 149-152 |
|---|---|
| VerfasserIn: | |
| Dokumenttyp: | Online-Ressource Aufsatz |
| Sprache: | French |
| Veröffentlicht: |
2024
|
| Schlagwörter: | |
| Online Zugang: | kostenfrei kostenfrei |
| Bibliogr. Hinweis: | Enthalten in:
Regards croisés Rezension von: Fragments d'une histoire globale de l'art |
| Verantwortlich: | Monica Juneja |
| LEADER | 02100caa a2200421 c 4500 | ||
|---|---|---|---|
| 001 | 1931326517 | ||
| 003 | DE-627 | ||
| 005 | 20260511171700.0 | ||
| 007 | cr uuu---uuuuu | ||
| 008 | 250718s2024 xx |||||oo 00| ||fre c | ||
| 024 | 7 | |a 10.57732/rc.2024.1.108706 |2 doi | |
| 035 | |a (DE-627)1931326517 | ||
| 035 | |a (DE-599)KXP1931326517 | ||
| 035 | |a (OCoLC)1533758215 | ||
| 040 | |a DE-627 |b ger |c DE-627 |e rda | ||
| 041 | |a fre | ||
| 084 | |a KUNST |q DE-16 |2 fid | ||
| 100 | 1 | |a Juneja, Monica |d 1955- |e VerfasserIn |0 (DE-588)136943926 |0 (DE-627)624913651 |0 (DE-576)322331625 |4 aut | |
| 245 | 1 | 0 | |a [Rezension von: Léa Saint Raymond, Fragments d’une histoire globale de l’art] |c Monica Juneja |
| 264 | 1 | |c 2024 | |
| 300 | |b Illustration | ||
| 300 | |a 4 | ||
| 336 | |a Text |b txt |2 rdacontent | ||
| 337 | |a Computermedien |b c |2 rdamedia | ||
| 338 | |a Online-Ressource |b cr |2 rdacarrier | ||
| 583 | 1 | |a Archivierung/Langzeitarchivierung gewährleistet |f FID |x XA-DE-BW |2 pdager |5 DE-16 | |
| 655 | 7 | |a Rezension |0 (DE-588)4049712-4 |0 (DE-627)106186019 |0 (DE-576)209083166 |2 gnd-content | |
| 773 | 0 | 8 | |i Enthalten in |t Regards croisés |d Paris : Institut National d’Histoire de l’Art, 2013 |g 14(2024), 1, Seite 149-152 |h Online-Ressource |w (DE-627)832785571 |w (DE-600)2830060-9 |w (DE-576)442942508 |x 2509-4750 |7 nnas |
| 773 | 1 | 8 | |g volume:14 |g year:2024 |g number:1 |g pages:149-152 |g extent:4 |
| 787 | 0 | 8 | |i Rezension von |a Saint-Raymond, Léa, 1988 - |t Fragments d'une histoire globale de l'art |d Paris : Rue d'Ulm, 2021 |h 208 Seiten |w (DE-627)1819848140 |z 9782728807444 |z 2728807442 |
| 856 | 4 | 0 | |u https://doi.org/10.57732/rc.2024.1.108706 |x Verlag |x Resolving-System |z kostenfrei |3 Volltext |7 0 |
| 856 | 4 | 0 | |u https://journals.ub.uni-heidelberg.de/index.php/rc/article/view/108706 |x Verlag |z kostenfrei |3 Volltext |7 0 |
| 912 | |a ZDB-282-AAE-article | ||
| 951 | |a AR | ||
| 994 | |u https://ahnp.ub.uni-heidelberg.de/journals/rc/article/view/108706/104893 | ||
| 994 | |u https://ahnp.ub.uni-heidelberg.de/journals/rc/article/view/108706/104893 | ||
| 991 | |a Rezension (Monographie, Zeitschrift, Aufsatz) | ||
| 999 | |a KXP-PPN1931326517 |e 4967462340 | ||


